00428nam a22001457a 4500020001500000082001500015100002600030245001800056260005900074300000800133650001400141942000700155952010300162999001700265 a8174350330 a297.24 ARN aArnold, Sir Thomas W. aThe Caliphate aNew Delhi, IndiabAdam Publishers & Distributorsc2010 a223 aCaliphate cBK 00104070aHMIbHMIcGENd2015-09-14g225.00l0o297.24 ARNp11003324r2026-01-16w2026-01-16yBK c19726d19726